00574nam a2200157Ia 4500082001200000100002200012245007800034260011100112300000700223650002900230650002800259650002200287650004000309650003500349650003200384 aRM.0270 aMaiti, Dibyendu S 0aProduction organisations and dynamics of rural industrial growth in China bIndian Council of Social Science Research, New Delhi and Chinese Academy of Social Sciences, Beijingc2005 a68 aIndustrializationzChina aRural industrieszChina aIndustrieszChina aProduction (Economic theory)zChina aIndustrial organizationzChina aChinavEconomic development